[Event "Copenhagen Open-03 (Politiken Cup-02)"]
[Site "Copenhagen"]
[Date "1981.06.30"]
[Round "10"]
[White "Wedberg, Tom Birger"]
[Black "Brinck Claussen, Bjorn"]
[Result "1-0"]
[WhiteElo "2420"]
[BlackElo "2375"]
[Annotator "Wedberg,T"]
[PlyCount "89"]
[EventDate "1981.06.20"]
[EventType "swiss"]
[EventRounds "10"]
[EventCountry "DEN"]
[SourceTitle "EXT 2000"]
[Source "ChessBase"]
[SourceDate "1999.11.16"]
[SourceVersion "1"]
[SourceVersionDate "1999.11.16"]
[SourceQuality "1"]

1. e4 e5 2. Nf3 Nc6 3. Bb5 Nf6 4. Qe2 Be7 5. c3 d6 6. O-O Bd7 7. Rd1 a6 8. Bc4
$6 (8. Ba4) 8... Na5 $1 9. d3 b5 10. Bb3 Nxb3 11. axb3 O-O 12. c4 $1 (12. d4
exd4 $1 13. cxd4 Re8 $17) 12... c5 $6 13. Bg5 Ne8 (13... Nh5 14. Bd2 $1 {
/\ Ne5,b4} (14. Nxe5 Bxg5 15. Nxd7 Nf4 16. Qg4 h5 $19)) 14. Bxe7 Qxe7 15. Nc3
Nc7 16. Ra5 b4 17. Nd5 Nxd5 18. exd5 $5 Bc8 19. Nd2 Ra7 20. Re1 Qd8 21. Raa1 f5
$2 (21... Bf5 $1) 22. f4 $1 exf4 $6 (22... Re7 23. Nf3 Rfe8 24. fxe5 dxe5 25.
Nd2 Qc7 26. Qe3) 23. d4 $1 cxd4 24. Nf3 Qf6 25. Qd3 (25. Qd2 d3 $1) 25... g5
26. Qxd4 $1 Rg7 27. Qxf6 Rxf6 28. Ra4 g4 29. Nd4 Kf7 30. Rxb4 f3 31. Rb8 Bd7
32. Rd8 Kg6 33. gxf3 Kg5 $1 34. Ne6+ Bxe6 35. dxe6 gxf3 $1 36. Rxd6 (36. e7 $2
Kf4+ 37. Kh1 Rxe7 38. Rxe7 Rg6 39. Re1 f2 40. Rf1 Kf3 41. Re8 a5 $1) 36... Rh6
$1 (36... Kf4+ 37. Kf1) 37. Kf2 Rxh2+ 38. Kxf3 Rh3+ (38... Rb7 39. Rd3) 39. Kf2
Rh2+ 40. Ke3 (40. Kg3 $2 Rh6 $1) 40... Rxb2 41. Kd4 $1 Re7 (41... Rg6 42. e7
Rxd6+ 43. Kc5) 42. Ke5 Rxb3 43. Rg1+ Kh4 44. Kf6 Rc7 (44... Rbb7 45. c5) 45.
Rd7 1-0

[Event "Corus"]
[Site "Wijk aan Zee"]
[Date "2001.01.21"]
[Round "7"]
[White "Ivanchuk, Vassily"]
[Black "Kramnik, Vladimir"]
[Result "0-1"]
[WhiteElo "2717"]
[BlackElo "2772"]
[Annotator "Wedberg,T"]
[PlyCount "76"]
[EventDate "2001.01.13"]
[EventType "tourn"]
[EventRounds "13"]
[EventCountry "NED"]
[EventCategory "19"]
[SourceTitle "CBM 081"]
[Source "ChessBase"]
[SourceDate "2001.03.20"]
[SourceVersion "1"]
[SourceVersionDate "2001.03.20"]
[SourceQuality "1"]

{[%mdl 1]} 1. e4 e5 2. Nf3 Nc6 3. Bb5 Nf6 4. d3 Bc5 5. c3 O-O 6. Bxc6 {This
was hot in the 1860s.} bxc6 7. Nxe5 d5 (7... Re8 8. Nf3 d5 9. e5 d4 10. O-O Ng4
11. Bf4 dxc3 12. Nxc3 Ba6 13. h3 Nxf2 14. Rxf2 Bxd3 15. Qd2 Bxf2+ 16. Qxf2 $16
{1-0 Rodriguez,A-Ramon,V/Santa Fe de Bogota 1988/EXT 2001 (25)}) 8. Bg5 $146 {
[%mdl 8] The scope for improvement is quite vast. The line hasn't been played
in top level games for ages. Ivanchuk is following the trend of picking up
forgotten lines. Very sensible given the level of information available these
days.} (8. Nxc6 $6 Qe8 9. Nd4 dxe4 10. Be3 Ba6 11. dxe4 Nxe4 12. Nd2 Rb8 13.
Qc2 f5 $36 {0-1 Mayet,C-Anderssen,A/Berlin 1865/EXT 99 (27)}) (8. O-O dxe4 9.
d4 Bd6 10. Nxc6 Qe8 11. Na5 Qb5 12. Nb3 Bg4 13. Qd2 Bxh2+ $19 {0-1 Neumann,
G-Anderssen,A/Berlin 1864/EXT 99 (18)}) 8... Re8 9. f4 {Somehow White must try
to support his claims in the centre. Black just wants to tear everything down.
A P more or less is not so important for Black at this stage.} (9. Nxc6 $6 {
cannot work} Qd6 10. Na5 Ng4 $1 $40) 9... dxe4 10. d4 Bb6 11. Nd2 (11. O-O c5
$36) 11... c5 12. dxc5 Bxc5 13. Qe2 h6 (13... Bb7 14. O-O-O Qe7 15. Ng4 Rad8
$13) 14. Bh4 g5 $5 {[%mdl 32] Enterprising play. Kramnik sticks with the
initiative come what may.} 15. fxg5 hxg5 16. Bg3 {Black has unpinned the N,
but he has also weakened his Ks defence.} e3 17. Nb3 Bb6 18. Qf3 Be6 19. Rd1 g4
20. Qe2 (20. Qf1 e2 $1 $13) 20... Qe7 21. Nc6 Qf8 22. Nbd4 (22. O-O $2 Bc4 $1
23. Qxc4 e2+ $17) 22... Qc5 23. Ne5 (23. Be5 Bc4 24. Qxe3 Nh7 $1 $13 {[%cal
Ye8e1]}) 23... Nh5 $2 {Dropping the ball completely. Now White should win.} (
23... Bxa2 $5 24. Nxg4 (24. O-O Rxe5 25. Rxf6 Re4 26. Bf4 (26. Rf4 Rxf4 27.
Bxf4 Qh5 $13) 26... Qf8 $1 27. Qxg4+ Qg7 $13) 24... Qg5 25. Nxf6+ Qxf6 $13) 24.
Nxe6 Rxe6 25. Qxg4+ Ng7 26. Nxf7 $2 {A tempting mistake. But now Black gets a
new avenue for the attack against the white K - the f-file.} (26. Qf3 $1 Qf8
27. Nd7 Qc8 28. Be5 $18) 26... Rf8 $1 (26... Kxf7 27. Qf3+ $18) 27. Ng5 e2 $1 {
It's getting difficult for White - especially in time pressure.} 28. Rd4 (28.
Nxe6 exd1=Q+ 29. Kxd1 Qd5+ 30. Nd4 c5 $17) 28... Rg6 29. h4 Qf5 $1 30. Qxf5 (
30. Qxe2 Bxd4 31. cxd4 Rc6 $19) 30... Nxf5 31. Bf2 Nxd4 32. cxd4 Re8 33. a3 Rc6
$17 34. Kd2 Rf6 35. Nf3 Rg6 36. Ng5 Rd6 37. Nf3 c5 38. Re1 $2 (38. Kd3 $142)
38... Ba5+ 0-1

[Event "Linares 18th"]
[Site "Linares"]
[Date "2001.03.05"]
[Round "9"]
[White "Polgar, Judit"]
[Black "Leko, Peter"]
[Result "1/2-1/2"]
[WhiteElo "2676"]
[BlackElo "2745"]
[Annotator "Wedberg,T"]
[PlyCount "54"]
[EventDate "2001.02.23"]
[EventType "tourn"]
[EventRounds "10"]
[EventCountry "ESP"]
[EventCategory "19"]
[SourceTitle "CBM 082"]
[Source "ChessBase"]
[SourceDate "2001.05.17"]
[SourceVersion "1"]
[SourceVersionDate "2001.05.17"]
[SourceQuality "1"]

1. e4 e5 2. Nf3 Nc6 3. Bb5 Nf6 4. O-O Bc5 5. c3 O-O 6. d4 Bb6 7. dxe5 Nxe4 8.
Qd5 Nc5 9. Re1 (9. Bg5 {is mainline}) 9... Ne7 10. Qd1 Ne6 {Black has quite a
good score in this line. The main reason is that he has a very sound position
with few weaknesses. He can usually counter by pushing the d- or f-P in the
right moment.} (10... h6 11. Bf4 Ne6 12. Bg3 Nf5 13. Na3 Nxg3 14. hxg3 Qe7 15.
b4 a6 16. Bd3 Rd8 17. Nc4 Ba7 18. a4 d5 19. exd6 cxd6 20. Ne3 d5 $13 {0-1
Solak,D-Kogan,A/Sabac 1998/CBM 65 (34)}) 11. Na3 Ng6 12. Bc4 Bc5 {A
preparation for c6 and d5.} 13. Nc2 c6 14. Ncd4 d5 15. Bd3 (15. exd6 Nxd4 16.
Nxd4 Bxd6 17. Qh5 $14) 15... Nef4 16. Bc2 f6 17. e6 $5 {Only chance to play
for an advantage, but the P is also a weakness.} (17. exf6 Qxf6 $132) 17... Re8
18. Bf5 Qd6 19. Qc2 Bxd4 {Leko goes for a draw - the trick is to exchange.} (
19... Bxe6 $2 20. Bxf4 Nxf4 21. Nxe6 Nxe6 22. Bxh7+ $16 {[%cal Yf3h4,Yh4g6]})
20. Nxd4 Bxe6 21. Nxe6 $6 (21. Bxf4 $5 {is trickier} Nxf4 22. Nxe6 Nxe6 23.
Bxh7+ Kf8 24. Bg6 Re7 25. Qf5 Ng5 (25... Nf4 26. Rxe7 Kxe7 27. Re1+ Kf8 28. Bh7
$16) 26. h4 $14) 21... Nxe6 22. Bxg6 hxg6 23. Qxg6 Re7 24. Bd2 Nf8 25. Qg4 Rae8
26. Rxe7 Rxe7 27. Re1 Rxe1+ 1/2-1/2

[Event "Women-Veterans"]
[Site "Prague"]
[Date "1995.??.??"]
[Round "2"]
[White "Polgar, Judit"]
[Black "Spassky, Boris Vasilievich"]
[Result "1/2-1/2"]
[WhiteElo "2635"]
[BlackElo "2555"]
[Annotator "Wedberg,T"]
[PlyCount "51"]
[EventDate "1995.07.??"]
[EventType "schev"]
[EventRounds "5"]
[EventCountry "CZE"]
[SourceTitle "CBM 048"]
[Source "ChessBase"]
[SourceDate "1995.10.01"]
[SourceVersion "1"]
[SourceVersionDate "1995.10.01"]
[SourceQuality "1"]

1. e4 e5 2. Nf3 Nc6 3. Bb5 Nf6 4. O-O Bc5 5. c3 O-O 6. d4 Bb6 7. Bg5 h6 8. Bh4
d6 9. a4 (9. Bxc6 bxc6 10. Nbd2 Bg4 11. dxe5 dxe5 12. Qa4 $14) 9... a5 10. Re1
exd4 11. Bxc6 bxc6 12. Nxd4 Re8 13. Nd2 g5 (13... c5 14. Nc2 (14. N4f3 Bb7 15.
Qc2 $14 {/\Rad1 ECO}) 14... Bb7 15. f3 c4+ 16. Nd4 g5 17. Bf2 d5 $13 {Ree,
H-Knezevic,M/Kiev/1978}) (13... Bd7 $6 14. f4 $1 $16) 14. Bg3 c5 15. Nb5 Bb7
16. e5 dxe5 17. Nc4 Qd5 18. Qxd5 Nxd5 $10 19. Bxe5 Bc6 20. f3 f6 21. Bg3 Rxe1+
22. Rxe1 Re8 23. Kf2 Rxe1 24. Kxe1 Kf7 25. Kd2 Ke6 26. Nxb6 1/2-1/2

[Event "Ciocaltea Memorial"]
[Site "Bucharest"]
[Date "1995.??.??"]
[Round "10"]
[White "Brodsky, Michail"]
[Black "Ionescu, Constantin"]
[Result "1-0"]
[WhiteElo "2535"]
[BlackElo "2535"]
[Annotator "Wedberg,T"]
[PlyCount "63"]
[EventDate "1995.02.??"]
[EventType "tourn"]
[EventRounds "11"]
[EventCountry "ROU"]
[EventCategory "10"]
[SourceTitle "CBM 048"]
[Source "ChessBase"]
[SourceDate "1995.10.01"]
[SourceVersion "1"]
[SourceVersionDate "1995.10.01"]
[SourceQuality "1"]

1. e4 e5 2. Nf3 Nc6 3. Bb5 Nf6 4. Qe2 d6 (4... Bc5 $5 5. Bxc6 bxc6 6. Nxe5 Qe7
7. f4 d6 8. Nxc6 Qxe4 9. Qxe4+ Nxe4 10. d4 Bb6 11. c3 a5 $13 {Formanek-Copini/
Reggio Emilia/1977}) 5. d4 exd4 6. Nxd4 (6. e5 dxe5 7. Nxe5 d3 8. cxd3 Bb4+ 9.
Bd2 O-O 10. Bxc6 Bxd2+ 11. Nxd2 bxc6 12. Nxc6 Qd7 13. Ne7+ Kh8 14. Nxc8 Re8 15.
Ne4 Raxc8 16. O-O $14 {Ivanov,A-Romanishin,O/URS/1980}) 6... Bd7 7. Bxc6 bxc6
8. O-O (8. Nc3 Be7 9. Bf4 O-O 10. O-O-O Re8 11. Qa6 Qc8 $10 {Byrne,R-Tarjan/
USA/1977}) 8... Be7 9. Rd1 O-O 10. e5 Nd5 (10... dxe5 11. Nxc6 Qe8 12. Nxe5 Bd6
13. Re1 Bf5 $44) 11. c4 dxe5 12. Nxc6 Bxc6 13. cxd5 Ba4 $6 (13... Bxd5 14. Nc3
c6 15. Nxd5 cxd5 16. Qxe5 Bf6 $10) 14. b3 Bd7 15. Bb2 Bd6 16. Nd2 Re8 17. Nc4
$14 Qg5 18. Qe3 Qg6 19. Rac1 Bg4 20. Re1 e4 21. Kh1 h5 22. Nxd6 cxd6 23. h3 Bd7
24. Qf4 Rac8 25. Bd4 a6 26. Rxc8 Bxc8 27. Re3 $16 Qf5 28. Qg3 f6 29. Rc3 h4 (
29... Rd8 30. Rc7 g5 31. Qc3 $40) 30. Qxh4 Bb7 (30... Qxd5 31. Bxf6 $1 gxf6 32.
Rxc8 Rxc8 33. Qg4+ Kf7 34. Qxc8 $16) 31. Rc7 Bxd5 32. Qg3 (32. Qg3 Bf7 33. Qxd6
$18) 1-0

[Event "Ciocaltea Memorial"]
[Site "Bucharest"]
[Date "2001.03.13"]
[Round "10"]
[White "Fressinet, Laurent"]
[Black "Ionescu, Constantin"]
[Result "1-0"]
[WhiteElo "2581"]
[BlackElo "2504"]
[Annotator "Wedberg,T"]
[PlyCount "51"]
[EventDate "2001.03.04"]
[EventType "tourn"]
[EventRounds "11"]
[EventCountry "ROU"]
[EventCategory "12"]
[SourceTitle "CBM 082"]
[Source "ChessBase"]
[SourceDate "2001.05.17"]
[SourceVersion "1"]
[SourceVersionDate "2001.05.17"]
[SourceQuality "1"]

1. e4 e5 2. Nf3 Nc6 3. Bb5 Nf6 4. O-O Bc5 5. Nxe5 {[%mdl 4] This might be the
best way to play against the classical defence. Black has several ways to try
for equality, but like this game shows it's not so clear how to do it.} Nxe5 (
5... Nxe4 {is the solid alternative} 6. Qe2 Nxe5 7. Qxe4 Qe7 8. d4 (8. Nc3 Ng6
9. Qxe7+ Nxe7 10. Ne4 Bb6 11. Re1 O-O 12. Nd6 Nc6 13. Nxc8 Raxc8 $13 {1/2-1/2
Adams,M-Leko,P/Dortmund 2000/CBM 78 (32)}) 8... Nc6 9. Qg4 $5 (9. Qxe7+ Bxe7
10. c3 {is a very comfortable draw for White.}) 9... h5 10. Qxg7 Bxd4 11. Qg3 {
and White looks better, even though the record shows an even score from here.})
6. d4 a6 {Spassky´s move.} 7. Be2 Be7 (7... Nxe4 8. dxc5 Nc6 (8... Nxc5 $6 9.
b4 Ne6 10. f4 Nc6 11. Bb2 {with excellent compensation for the P.}) 9. Be3 Qe7
10. Bf4 Qxc5 11. Bxc7 $14 {1/2-1/2 Spasov,V-Ninov,K/BUL 1988/EXT 97 (15)}) (
7... Ba7 8. dxe5 Nxe4 9. Qd5 (9. Bd3 Qh4 10. Qf3 d5 11. exd6 Nxd6 12. Re1+ Be6
13. g3 Qh3 14. Nc3 O-O-O 15. Bf4 {1/2-1/2 Chandler,M-Spassky,B/London 1984/MCL
(15)}) 9... Nc5 (9... Qh4 $2 10. g3 $16) 10. Be3 Qe7 11. Nc3 O-O 12. Rae1 $16 {
1/2-1/2 Coenen,N-Romanelli,R/Cappelle la Grande 1995/EXT 97 (28)}) 8. dxe5 Nxe4
9. c4 $5 (9. Bf3 Nc5 10. Bf4 O-O 11. Nc3 c6 12. Re1 f5 13. exf6 Rxf6 14. Be5
Rh6 15. Ne2 d5 16. Nf4 $14 {1-0 Kotronias,V-Ionescu,C/Mangalia 1992/EXT 97 (29)
}) (9. Qd5 Nc5 10. Rd1 O-O 11. Nc3 d6 12. exd6 Qxd6 13. Be3 Ne6 14. Qe4 Qb4 $11
{1/2-1/2 Renet,O-Brunner,L/SWZ-ch int 1992/CBM 31 (61)}) 9... O-O 10. Qc2 Nc5
11. Be3 c6 (11... d6 12. Bxc5 dxc5 13. Rd1 Qe8 14. Nc3 $14 {1-0 Koch,J-Fayard,
A/FRA 1991/CBM 27 (24)}) 12. Nc3 Qc7 13. f4 $16 {A tricky situation. Black has
some problems to solve just to get his pieces out.} a5 (13... f6 14. exf6 Rxf6
15. b4 Ne6 16. f5 Nf8 17. Bg5 $40) 14. Rae1 f6 (14... d6 15. Bxc5 dxc5 16. Bd3
g6 17. f5 $16) 15. Kh1 $5 (15. exf6 Rxf6 16. f5 $40) 15... fxe5 16. Bxc5 Bxc5
17. Bd3 $40 exf4 (17... g6 $5 18. f5 (18. Bxg6 $2 d6 $1 $13) 18... gxf5 19.
Bxf5 $40) 18. Bxh7+ Kh8 19. Bg6 Qd8 20. Re5 d6 21. Qd1 f3 22. Rxf3 Bg4 23. Rh5+
$1 Kg8 (23... Bxh5 24. Rxf8+ Qxf8 25. Qxh5+ Kg8 26. Qh7#) 24. Bh7+ Kh8 25.
Rxf8+ Qxf8 26. Bf5+ $1 1-0

[Event "HUN-ch 53rd"]
[Site "Heviz"]
[Date "2003.05.16"]
[Round "5"]
[White "Cao, Sang"]
[Black "Almasi, Zoltan"]
[Result "0-1"]
[WhiteElo "2531"]
[BlackElo "2676"]
[Annotator "Wedberg,T"]
[PlyCount "82"]
[EventDate "2003.05.12"]
[EventType "tourn"]
[EventRounds "9"]
[EventCountry "HUN"]
[EventCategory "13"]
[SourceTitle "CBM 096"]
[Source "ChessBase"]
[SourceDate "2003.09.25"]
[SourceVersion "1"]
[SourceVersionDate "2003.09.25"]
[SourceQuality "1"]

1. e4 e5 2. Nf3 Nc6 3. Bb5 Nf6 4. Bxc6 dxc6 5. d3 {White battles the Berlin
defence in a slightly unusual fashion. The idea to exchange on c6 and then
play d3 is a well known theme in the Ruy Lopez, but in this case Black seems
to have a rather easy game.} Bd6 6. Nbd2 Bg4 7. h3 Bh5 8. g4 {This weakens the
K-side.} (8. Nf1 {to play Ng3 was safer.}) 8... Bg6 9. Nc4 (9. Nh4 $5 {[%cal
Yh4f5]}) 9... Nd7 10. Bd2 Qe7 11. Qe2 O-O-O 12. O-O-O c5 13. Ne3 Qe6 14. Kb1 f6
{[%cal Yg6f7,Ye6a2] Black prepares to play for an attack on the white K.} 15.
h4 Bf7 16. b3 Nb8 17. h5 h6 18. Nf5 Rhg8 19. N3h4 Nc6 20. Qf1 a5 $1 21. a4 Nd4
22. Nxd4 (22. Bxa5 Nxb3 $1 23. cxb3 Qxb3+ 24. Kc1 b6 25. Nxd6+ Rxd6 26. Nf5 Rd7
27. Be1 Qa3+ 28. Kd2 Bb3 $19) 22... cxd4 23. Bxa5 Kd7 $1 {[%csl Rb1][%cal
Yd8a8,Yg8b8,Yb7b5] The stage is set for a ferocious attack on the white K.
It´s difficult to find a good defensive plan.} 24. Kb2 Ra8 25. Qe1 Rgb8 26. Nf5
Bf8 $1 {The N on f5 is `good` but it´s doing absolutely nothing to help the K.}
27. Bd2 b5 28. a5 c5 29. Ra1 c4 30. Bb4 c3+ 31. Bxc3 Rc8 $3 {[%mdl 192] Nice
move. Taking on c3 wasn´t bad, but this is a killer.} 32. Bxd4 (32. Bb4 Rxc2+
$1 $19) 32... exd4 33. Qd2 Qe5 34. b4 Rc3 35. f4 Qc7 36. Qf2 Ke8 37. Rhc1 Rc8
38. e5 Bxb4 39. exf6 gxf6 40. Nxd4 Qc5 41. Kb1 Rb3+ $1 0-1

[Event "Najdorf Memorial 8th"]
[Site "Buenos Aires"]
[Date "1997.05.24"]
[Round "5"]
[White "Kotronias, Vasilios"]
[Black "Campora, Daniel Hugo"]
[Result "1-0"]
[WhiteElo "2590"]
[BlackElo "2555"]
[Annotator "Wedberg,T"]
[PlyCount "105"]
[EventDate "1997.05.19"]
[EventType "tourn"]
[EventRounds "9"]
[EventCountry "ARG"]
[EventCategory "13"]
[SourceTitle "CBM 060"]
[Source "ChessBase"]
[SourceDate "1997.09.29"]
[SourceVersion "1"]
[SourceVersionDate "1997.09.29"]
[SourceQuality "1"]

{Black gets into trouble when he locks in his own black-squared B with f6.
Kotronias aggressivly takes full advantage of the weakened Black position.} 1.
e4 e5 2. Nf3 Nc6 3. Bb5 Nf6 4. O-O d6 5. d4 Bd7 6. Re1 Be7 7. c4 {Not new, but
clearly a bit unusual.} exd4 (7... Nxd4 8. Nxd4 exd4 9. Bxd7+ Nxd7 10. Qxd4 Bf6
11. Qd3 O-O 12. Nc3 Nc5 13. Qc2 Re8 14. f3 Bd4+ 15. Be3 Bxe3+ 16. Rxe3 Qg5 17.
Ree1 Ne6 18. Nd5 c6 19. Ne3 Nd4 20. Qf2 c5 21. Rad1 $14 {0-1 Rolletschek,
H-Lukowiak,W/Chicago op 1988/EXT 88op2 (39)}) (7... O-O 8. Bxc6 Bxc6 9. Nc3
exd4 10. Nxd4 Re8 11. Bg5 Bd7 12. Qd2 h6 13. Bh4 Be6 14. Nxe6 fxe6 15. Rad1 $14
{1/2-1/2 Passerotti,P-Coppini,G/Reggio Emilia7778 1977/MCD-r7 (39)}) 8. Bxc6
bxc6 (8... Bxc6 $5 9. Qxd4 (9. Nxd4 {Fritz 5.00Я (10s)} Bxe4 10. Bg5 $14) 9...
O-O 10. Nc3 Nd7 11. Nd5 Bf6 $11) 9. Qxd4 c5 10. Qd3 O-O 11. h3 Bc6 12. Nc3 Nd7
13. Bf4 f6 $6 {Too passive and weakening.} (13... Bf6 14. e5 Bxe5 15. Nxe5 dxe5
16. Bxe5 Nxe5 17. Qxd8 Nf3+ 18. gxf3 Raxd8 $11) 14. Nd2 Ne5 15. Qg3 Qb8 16. b3
Qb7 17. Nd5 Rf7 18. Nf1 a5 19. Nfe3 Bf8 20. Nf5 $14 Kh8 21. h4 a4 (21... g6 22.
Nh6 Bxh6 23. Bxh6 $14) 22. h5 axb3 23. axb3 Rxa1 24. Rxa1 Bd7 25. Bd2 Nc6 (
25... c6 26. Nf4 Bxf5 27. exf5 d5 28. Ng6+ Kg8 29. Nxf8 Rxf8 30. h6 dxc4 31. f4
$16) 26. Bc3 Bxf5 (26... Qxb3 $2 27. Nh6 $1 Re7 28. Nxe7 Nxe7 29. Qd3 $16) 27.
exf5 Ne7 28. Nxe7 Rxe7 29. h6 $16 d5 (29... Qxb3 30. hxg7+ Rxg7 31. Bxf6 $18)
30. hxg7+ Bxg7 31. cxd5 Qxd5 32. Qh4 Kg8 33. Qg4 (33. Bxf6 Bxf6 34. Qxf6 Rf7
35. Qh4 Rxf5 36. Qg4+ Rg5 37. Qc8+ $16) 33... Kf8 34. Rd1 Qc6 35. Qc4 Ke8 36.
Rd5 Bf8 37. Rxc5 Qxc5 38. Qxc5 Re1+ 39. Bxe1 Bxc5 40. Bc3 $18 Be7 41. g4 Kd7
42. Kg2 Kd6 43. Kh3 Kd5 44. f3 c5 45. Kh4 c4 46. bxc4+ Kxc4 47. Bd2 Bf8 48. Kh5
Kd4 49. Bh6 Be7 50. Bc1 Bf8 51. Bb2+ Ke3 52. Bxf6 Kxf3 53. Bd8 1-0

[Event "RUS-ch"]
[Site "Elista"]
[Date "1995.??.??"]
[Round "1"]
[White "Vasiukov, Evgeni"]
[Black "Morozevich, Alexander"]
[Result "1/2-1/2"]
[WhiteElo "2515"]
[BlackElo "2630"]
[Annotator "Wedberg,T"]
[PlyCount "81"]
[EventDate "1995.10.??"]
[EventType "swiss"]
[EventRounds "11"]
[EventCountry "RUS"]
[SourceTitle "CBM 050"]
[Source "ChessBase"]
[SourceDate "1996.02.01"]
[SourceVersion "1"]
[SourceVersionDate "1996.02.01"]
[SourceQuality "1"]

1. e4 e5 2. Nf3 Nc6 3. Bb5 Nf6 4. O-O Bc5 5. Nxe5 Nxe5 6. d4 a6 7. dxe5 axb5 8.
exf6 Qxf6 9. Nc3 c6 10. Be3 Bxe3 11. fxe3 Qe7 12. Qd4 O-O 13. a3 d6 14. Rad1
Rd8 15. e5 d5 16. Qf4 {N /\ Ne2-d4} (16. Rf3 Be6 17. Rdf1 Rf8 18. Rg3 Rae8 19.
e4 Bc8 20. exd5 Qxe5 21. Qxe5 Rxe5 22. dxc6 bxc6 23. Rd3 Bf5 $15 {Abramovic,
B-Paunovic,D/Prokuplje/1987}) 16... Be6 17. Rf2 Rd7 18. h3 h6 19. Kh2 Rf8 20.
Ne2 Qd8 21. Nd4 Re7 22. c3 Qc7 23. Rdf1 Bc8 24. Nf3 Bd7 $15 25. Kg1 Ra8 26. Rd1
Ra4 27. Rd4 c5 28. Rxa4 bxa4 29. Rd2 Bc6 30. Kf2 Re6 31. Qh4 b5 32. Qf4 Qe7 33.
Kg1 f6 34. exf6 Rxf6 35. Qb8+ Kh7 36. Re2 Qe4 37. Qe5 Qb1+ 38. Kh2 Qf1 39. Rd2
Qc1 40. Rf2 Kg8 41. Re2 1/2-1/2

[Event "Olympiad-34"]
[Site "Istanbul"]
[Date "2000.11.06"]
[Round "9.1"]
[White "Krasenkow, Michal"]
[Black "Iuldachev, Saidali"]
[Result "0-1"]
[WhiteElo "2702"]
[BlackElo "2515"]
[Annotator "Wedberg,T"]
[PlyCount "50"]
[EventDate "2000.10.28"]
[EventType "team-swiss"]
[EventRounds "14"]
[EventCountry "TUR"]
[SourceTitle "EXT 2001"]
[Source "ChessBase"]
[SourceDate "2000.11.22"]
[SourceVersion "1"]
[SourceVersionDate "2000.11.22"]
[SourceQuality "1"]
[WhiteTeam "Poland"]
[BlackTeam "Uzbekistan"]
[WhiteTeamCountry "POL"]
[BlackTeamCountry "UZB"]

1. e4 e5 2. Nf3 Nc6 3. Bb5 Nf6 4. d3 d6 5. c3 g6 6. Bg5 Bg7 7. Nbd2 O-O 8. Nf1
Bd7 9. Ne3 h6 10. Bh4 Qe8 11. Nd2 Nh5 12. O-O Nf4 13. Bg3 a6 14. Bxc6 Bxc6 15.
Bxf4 exf4 16. Nd5 Bxd5 17. exd5 Qb5 18. Qb3 Qxd3 19. Rfd1 Qb5 20. Nf3 Rfe8 21.
Qc2 Re2 22. Rd2 Rae8 23. Rad1 Qc4 24. a3 b5 25. h3 Bd4 $3 {[%mdl 64] A
brilliant move, but White is not obliged to resign.} (25... Bd4 26. Rf1 (26.
cxd4 Qxc2 $19) (26. Nxd4 $2 Re1+ 27. Kh2 Qf1 $19) 26... Bb6 $19) 0-1